02361nam a22002297a 450000500170000000800410001702000180005804000070007604100080008308200210009110000330011224500590014526000350020430000260023936500560026552015280032165000340184965000320188394200120191599900190192795201850194620260129114211.0221202b ||||| |||| 00| 0 eng d a9788184006858 cAL aeng 223a820.33bCHAA aNovoneel Chakraborty9253100 aAll yours strangerb: Book Two of the stranger Trilogy aUSAbPenguin Metro Readsc2020 axiv,241pbPBc20x13cm 2Generala6179b159.00c₹d199.00e20%f28-11-2022 aAll Yours, Stranger’ is the 2nd part of the Stranger trilogy series, by Novoneel Chakraborty. The plot spins around Rivanah Bannerjee, who is from Kolkata, trying to get a grip on the typical Mumbai life. She has a wonderful boyfriend, yet is obsessed with thinking about her ex-boyfriend. Although he cheated on her, she is ready to overlook that fact. The Stranger is nowhere to be found ever since the police started to hunt for him, though it has been an unsuccessful attempt. The questions that Rivanah wants an answer for, in this mystery allegory are; Who really is this stranger? What is his purpose of coming into Rivanah’s life? Will he ever be able to contact her again? These types of questions have been troubling Rivanah continuously. Indifferent about the mystery surrounding this guy, she frantically wants the stranger back into her life. As the story further unfolds, the true facts that come to light are far from what Rivanah could ever imagine. The story has a vicious and cruel plot with many mysteries unfolding themselves, as the reader divulges further into this tale. This gripping plot has the knack to make the reader bite his or her nails till the very last leaf of the book. The mystery-tale is available in Paperback form and can be ordered online at Amazon India. About the author: Novoneel Chakraborty has authored 5 best-seller romantic thrillers. He is known for writing fiction content. He works as a scriptwriter for the Indian Television and films. Currently, he resides in Mumbai. aIndian English Fiction964559 aIndian English Novel964560 2ddccBK c225407d225407 00102ddc40708GENaALbALd2022-12-01eBiblios Book Point Surathkal Mangalore 575014g159.00l29m1o820.33 CHAAp076260r2026-01-28 13:01:13s2026-01-13v199.00w2022-12-02yBK